Loading...
Thought - Philosophy | 1 | 0 | 0 | 0 | 15 | 59 | 59.00 | 1 | 1 |
Beliefs - Mythology | 0 | 1 | 0 | 0 | 10 | 63 | 63.00 | 0 | 1 |
History - Euro History | 0 | 1 | 0 | 0 | 10 | 120 | 120.00 | 0 | 1 |
Thought - Social Science | 0 | 1 | 0 | 0 | 10 | 93 | 93.00 | 0 | 0 |
Science - Chemistry | 0 | 2 | 2 | 1 | 10 | 94 | 107.50 | 0 | 1 |
Science - Physics | 0 | 1 | 0 | 0 | 10 | 78 | 78.00 | 0 | 1 |
Arts - Other Arts | 0 | 1 | 0 | 1 | 10 | 138 | 138.00 | 0 | 1 |
Science - Biology | 0 | 2 | 2 | 1 | 10 | 100 | 110.50 | 0 | 1 |
Other - Pop Culture | 0 | 0 | 0 | 0 | 0 | 0.00 | 0 | 0 | |
Science - Other Science | 0 | 0 | 1 | 0 | -5 | 0.00 | 0 | 0 | |
Other - Other Academic | 0 | 0 | 1 | 0 | -5 | 0.00 | 0 | 0 |